<?xml version="1.0" encoding="UTF-8"?>
<record
    xmlns:xsi="http://www.w3.org/2001/XMLSchema-instance"
    xsi:schemaLocation="http://www.loc.gov/MARC21/slim http://www.loc.gov/standards/marcxml/schema/MARC21slim.xsd"
    xmlns="http://www.loc.gov/MARC21/slim">

  <leader>00906nam0a22002411  4500</leader>
  <controlfield tag="001">rc\569674</controlfield>
  <controlfield tag="005">20260408075658.0</controlfield>
  <datafield tag="035" ind1=" " ind2=" ">
    <subfield code="a">(NLR Aleph) 005804019</subfield>
  </datafield>
  <datafield tag="090" ind1=" " ind2=" ">
    <subfield code="a">5326538</subfield>
    <subfield code="c">5326538</subfield>
  </datafield>
  <datafield tag="100" ind1=" " ind2=" ">
    <subfield code="a">20030616d1987    |||y0rusy50      ca</subfield>
  </datafield>
  <datafield tag="101" ind1="0" ind2=" ">
    <subfield code="a">rus</subfield>
  </datafield>
  <datafield tag="102" ind1=" " ind2=" ">
    <subfield code="a">RU</subfield>
  </datafield>
  <datafield tag="105" ind1=" " ind2=" ">
    <subfield code="a">y   |||||||||</subfield>
  </datafield>
  <datafield tag="200" ind1="1" ind2=" ">
    <subfield code="a">&#x41A;&#x43E;&#x43D;&#x441;&#x442;&#x438;&#x442;&#x443;&#x446;&#x438;&#x44F; (&#x41E;&#x441;&#x43D;&#x43E;&#x432;&#x43D;&#x43E;&#x439; &#x417;&#x430;&#x43A;&#x43E;&#x43D;) &#x421;&#x43E;&#x44E;&#x437;&#x430; &#x421;&#x43E;&#x432;&#x435;&#x442;&#x441;&#x43A;&#x438;&#x445; &#x421;&#x43E;&#x446;&#x438;&#x430;&#x43B;&#x438;&#x441;&#x442;&#x438;&#x447;&#x435;&#x441;&#x43A;&#x438;&#x445; &#x420;&#x435;&#x441;&#x43F;&#x443;&#x431;&#x43B;&#x438;&#x43A;</subfield>
    <subfield code="e">&#x41F;&#x440;&#x438;&#x43D;&#x44F;&#x442;&#x430; &#x43D;&#x430; &#x432;&#x43D;&#x435;&#x43E;&#x447;&#x435;&#x440;&#x435;&#x434;&#x43D;&#x43E;&#x439; &#x441;&#x435;&#x434;&#x44C;&#x43C;&#x43E;&#x439; &#x441;&#x435;&#x441;. &#x412;&#x435;&#x440;&#x445;&#x43E;&#x432;&#x43D;&#x43E;&#x433;&#x43E; &#x421;&#x43E;&#x432;&#x435;&#x442;&#x430; &#x421;&#x421;&#x421;&#x420; &#x434;&#x435;&#x432;&#x44F;&#x442;&#x43E;&#x433;&#x43E; &#x441;&#x43E;&#x437;&#x44B;&#x432;&#x430;, 7 &#x43E;&#x43A;&#x442;. 1977 &#x433;.</subfield>
  </datafield>
  <datafield tag="210" ind1=" " ind2=" ">
    <subfield code="a">&#x420;&#x438;&#x433;&#x430;</subfield>
    <subfield code="c">&#x410;&#x432;&#x43E;&#x442;&#x441;</subfield>
    <subfield code="d">1987</subfield>
  </datafield>
  <datafield tag="215" ind1=" " ind2=" ">
    <subfield code="a">40, [2] &#x441;.</subfield>
    <subfield code="d">21</subfield>
  </datafield>
  <datafield tag="740" ind1=" " ind2="1">
    <subfield code="a">&#x421;&#x421;&#x421;&#x420;</subfield>
    <subfield code="t">&#x41A;&#x43E;&#x43D;&#x441;&#x442;&#x438;&#x442;&#x443;&#x446;&#x438;&#x44F;</subfield>
    <subfield code="f">1977</subfield>
    <subfield code="3">RU\NLR\AUTH\8810079986</subfield>
    <subfield code="9">662108</subfield>
  </datafield>
  <datafield tag="801" ind1=" " ind2="0">
    <subfield code="a">RU</subfield>
    <subfield code="b">NLR</subfield>
    <subfield code="g">psbo</subfield>
  </datafield>
  <datafield tag="801" ind1=" " ind2="1">
    <subfield code="a">RU</subfield>
    <subfield code="b">ELAR</subfield>
    <subfield code="2">rusmarc</subfield>
  </datafield>
  <datafield tag="852" ind1=" " ind2=" ">
    <subfield code="a">NLR</subfield>
    <subfield code="j">87-4/2084</subfield>
  </datafield>
  <datafield tag="942" ind1=" " ind2=" ">
    <subfield code="c">BOOK</subfield>
  </datafield>
  <datafield tag="980" ind1=" " ind2=" ">
    <subfield code="a">NB</subfield>
  </datafield>
  <datafield tag="995" ind1=" " ind2=" ">
    <subfield code="5">2013-10-26</subfield>
    <subfield code="b">NLR01</subfield>
    <subfield code="c">NLR01</subfield>
    <subfield code="e">RF9</subfield>
    <subfield code="f">1-1430086</subfield>
    <subfield code="k">87-4/2084</subfield>
    <subfield code="o">0</subfield>
    <subfield code="r">BOOK</subfield>
    <subfield code="s">8742084_</subfield>
  </datafield>
</record>
